000 00395nam a2200157Ia 4500
008 221030s9999 xx 000 0 und d
020 _a0195110099
041 _aEnglish
082 _a105.23
_bLat
100 _aB. P. Lathi
245 0 _aModern Digital & Analog Communication Systems
_cby B. P. Lathi
260 _bOxford Pub.
_aNew Delhi
_c1998
300 _a781
650 _aECE
942 _cBK
999 _c7576
_d7576